Property market report (Record no. 110847)

MARC details
000 -LEADER
fixed length control field 01453cad a22002295a 4500
001 - CONTROL NUMBER
control field L150367
008 - FIXED-LENGTH DATA ELEMENTS--GENERAL INFORMATION
fixed length control field 100706s2009 xxkd f s f000 0 eng u
035 ## - SYSTEM CONTROL NUMBER
System control number (Sirsi) u150367
041 ## - LANGUAGE CODE
Language code of text/sound track or separate title eng
050 0# - LIBRARY OF CONGRESS CALL NUMBER
Classification number 333.33 $2 18
110 2# - MAIN ENTRY--CORPORATE NAME
Corporate name or jurisdiction name as entry element Valuation Office Agency
9 (RLIN) 3141
245 00 - TITLE STATEMENT
Title Property market report
Remainder of title July 2009
Medium [electronic resource]
260 ## - PUBLICATION, DISTRIBUTION, ETC.
Place of publication, distribution, etc. London
Name of publisher, distributor, etc. VOA
Date of publication, distribution, etc. 2009
505 2# - FORMATTED CONTENTS NOTE
Formatted contents note Introduction -- Agricultural land and property -- Residential building land figures -- Housing market -- Industrial Land -- Methodology -- Map of England and Wales Counties and Government Regions
520 ## - SUMMARY, ETC.
Summary, etc. The Valuation Office Agency in 2009 has been reviewing the property market report to assess its fitness for today's UK property market. The July 2009 report like the January 2009 report is a mini update report covering the following data sets: Agricultural Land, Residential Building Land, Housing Market, Industrial Land, and Methodology. These are being provided as an aid to the continuity of the land value series and also to keep abreast of the housing market prior to the conclusions of the report review.
521 ## - TARGET AUDIENCE NOTE
Target audience note Advanced
590 ## - LOCAL NOTE (RLIN)
Local note KA
651 #4 - SUBJECT ADDED ENTRY--GEOGRAPHIC NAME
Geographic name United Kingdom
Chronological subdivision
690 ## - LOCAL SUBJECT ADDED ENTRY--TOPICAL TERM (OCLC, RLIN)
Topical term or geographic name as entry element PROPERTY-PROPERTY MARKET
856 40 - ELECTRONIC LOCATION AND ACCESS
Uniform Resource Identifier <a href="https://webarchive.nationalarchives.gov.uk/20141002130923/http://www.voa.gov.uk/publications/property_market_report/index.htm">https://webarchive.nationalarchives.gov.uk/20141002130923/http://www.voa.gov.uk/publications/property_market_report/index.htm</a>
Public note View the report free of charge at webarchive.nationalarchives.gov.uk
942 ## - ADDED ENTRY ELEMENTS (KOHA)
Suppress in OPAC 0
Holdings
Withdrawn status Lost status Source of classification or shelving scheme Damaged status Not for loan Home library Current library Shelving location Date acquired Total Checkouts Full call number Barcode Date last seen Copy number Price effective from Koha item type
    Dewey Decimal Classification     Virtual Virtual Online 06/07/2010   ONLINE PUBLICATION 150367-2001 06/08/2019 1 06/08/2019 Book